[Event "Oslo Vederhus Memorial op B"]
[Site "Oslo"]
[Date "2013.09.29"]
[Round "5"]
[White "Enersen, Eirik S"]
[Black "Amarapala, Sherington"]
[Result "0-1"]
[WhiteElo "1009"]
[BlackElo "1714"]
[PlyCount "82"]
[EventDate "2013.09.29"]
[EventType "swiss"]
[EventRounds "9"]
[EventCountry "NOR"]
[SourceTitle "EXT 2024"]
[Source "ChessBase"]
[SourceDate "2023.10.10"]
[SourceVersion "1"]
[SourceVersionDate "2023.10.10"]
[SourceQuality "1"]

1. e4 e5 2. Nf3 Nc6 3. Bb5 a6 4. Bxc6 dxc6 5. d3 Bd6 6. b3 Ne7 7. Ba3 0-0 8. Bb2 Ng6 9. Nbd2 Nf4 10. g3 Nh3 11. Nc4 Bc5 12. d4 exd4 13. Nxd4 b5 14. Ne3 Qf6 15. f4 Re8 16. e5 Rxe5 17. Ndf5 Rxe3+ 18. Nxe3 Qxb2 19. Rb1 Qc3+ 20. Qd2 Qxe3+ 21. Qxe3 Bxe3 22. Ke2 Bc5 23. b4 Bg4+ 24. Kf1 Bf3 25. bxc5 Bxh1 26. Ke2 Bd5 27. a3 Re8+ 28. Kd3 Nf2+ 29. Kd4 Re4+ 30. Kc3 Rc4+ 31. Kd2 Rxc5 32. a4 g6 33. axb5 cxb5 34. Rb2 Ne4+ 35. Kc1 a5 36. c4 Rxc4+ 37. Rc2 Rxc2+ 38. Kxc2 b4 39. f5 b3+ 40. Kb2 Nc5 41. fxg6 fxg6 0-1

[Event "NOR-ch Kadett-A"]
[Site "Lillehammer"]
[Date "2013.06.29"]
[Round "1"]
[White "Amarapala, Sherington"]
[Black "Haldorsen, Benjamin"]
[Result "0-1"]
[WhiteElo "1536"]
[BlackElo "1892"]
[PlyCount "28"]
[EventDate "2013.06.29"]
[EventType "swiss"]
[EventRounds "9"]
[EventCountry "NOR"]
[SourceTitle "EXT 2017"]
[Source "ChessBase"]
[SourceDate "2016.10.25"]
[SourceVersion "1"]
[SourceVersionDate "2016.10.25"]
[SourceQuality "1"]

1. e4 e5 2. Nf3 Nc6 3. d4 exd4 4. Nxd4 Nf6 5. Nc3 Bb4 6. Nxc6 bxc6 7. Bd3 d5 8. 0-0 0-0 9. e5 Ng4 10. f4 Bc5+ 11. Kh1 Qh4 12. Bxh7+ Kh8 13. h3 Qg3 14. Qxg4 Bxg4 0-1

[Event "Oslo Sveins op 6th"]
[Site "Oslo"]
[Date "2013.06.21"]
[Round "1"]
[White "Mikalsen, Erlend"]
[Black "Amarapala, Sherington"]
[Result "1-0"]
[WhiteElo "2117"]
[BlackElo "1738"]
[PlyCount "59"]
[EventDate "2013.06.21"]
[EventType "swiss"]
[EventRounds "9"]
[EventCountry "NOR"]
[SourceTitle "CBM 155 Extra"]
[Source "ChessBase"]
[SourceDate "2013.08.26"]
[SourceVersion "1"]
[SourceVersionDate "2013.08.26"]
[SourceQuality "1"]

1. e4 e5 2. d4 exd4 3. Nf3 Nc6 4. Bc4 Nf6 5. 0-0 d6 6. Nxd4 Be7 7. Nc3 Ne5 8. Bb3 0-0 9. f4 Ng6 10. Kh1 Re8 11. Nf3 Bf8 12. Ng5 Re7 13. e5 Bg4 14. exf6 Bxd1 15. fxe7 Bxe7 16. Nxf7 Qf8 17. Nxd6+ Kh8 18. Nf7+ Kg8 19. Rxd1 h5 20. f5 Nh4 21. Bg5 Bxg5 22. Nxg5+ Kh8 23. Nf7+ Kh7 24. Rf1 Re8 25. g3 Qe7 26. gxh4 Qxh4 27. Be6 c6 28. Rae1 Qf6 29. Ne4 g6 30. Nxf6+ 1-0

[Event "Politiken Cup 34th"]
[Site "Helsingor"]
[Date "2012.08.01"]
[Round "6"]
[White "Moller, Arne Vagn"]
[Black "Amarapala, Sherington"]
[Result "1/2-1/2"]
[WhiteElo "1895"]
[BlackElo "1732"]
[PlyCount "63"]
[EventDate "2012.07.28"]
[EventType "swiss"]
[EventRounds "10"]
[EventCountry "DEN"]
[SourceTitle "CBM 149 Extra"]
[Source "ChessBase"]
[SourceDate "2012.08.24"]
[SourceVersion "1"]
[SourceVersionDate "2012.08.24"]
[SourceQuality "1"]

1. e4 e5 2. Nf3 Nc6 3. Bb5 a6 4. Ba4 Nf6 5. 0-0 Be7 6. Bxc6 dxc6 7. Qe1 0-0 8. d3 Bd6 9. Bg5 Re8 10. Nc3 Bg4 11. Nd2 b5 12. f4 exf4 13. Qh4 Bc5+ 14. Kh1 Be3 15. Nf3 Bxf3 16. Rxf3 Re6 17. Rh3 h5 18. Bxf4 Bxf4 19. Qxf4 Qd6 20. Qxd6 cxd6 21. Rf3 Rae8 22. Raf1 R8e7 23. h3 b4 24. Ne2 d5 25. Nd4 dxe4 26. dxe4 Rxe4 27. Nf5 R7e5 28. Nxg7 Kxg7 29. Rxf6 Re7 30. Rxc6 R4e6 31. Rc5 Re5 32. Rc6 1/2-1/2

[Event "Politiken Cup 34th"]
[Site "Helsingor"]
[Date "2012.07.30"]
[Round "4"]
[White "Nielsen, Jens Holm"]
[Black "Amarapala, Sherington"]
[Result "0-1"]
[WhiteElo "1914"]
[BlackElo "1732"]
[PlyCount "76"]
[EventDate "2012.07.28"]
[EventType "swiss"]
[EventRounds "10"]
[EventCountry "DEN"]
[SourceTitle "CBM 149 Extra"]
[Source "ChessBase"]
[SourceDate "2012.08.24"]
[SourceVersion "1"]
[SourceVersionDate "2012.08.24"]
[SourceQuality "1"]

1. f4 d5 2. Nf3 c5 3. e3 Nc6 4. Bb5 Bd7 5. Bxc6 Bxc6 6. 0-0 g6 7. d3 Bg7 8. Ne5 Nf6 9. Nd2 0-0 10. Ndf3 Nd7 11. Qe1 Nxe5 12. Nxe5 Qd6 13. Qg3 b6 14. b3 Bb7 15. Bb2 d4 16. Nc4 Qd7 17. e4 Rac8 18. h4 h6 19. Nd2 Kh7 20. Rae1 Rg8 21. Nf3 f6 22. Bc1 f5 23. Qh3 Rcf8 24. Ng5+ Kh8 25. exf5 gxf5 26. Rf2 Rf6 27. Nf3 Rg6 28. Rfe2 Bf6 29. Rf2 Rg3 30. Qh2 Bxf3 31. Rxf3 Rxf3 32. Re2 Rfg3 33. Bd2 R3g4 34. Be1 Qd6 35. g3 Bxh4 36. Kf1 Bxg3 37. Qh5 Qxf4+ 38. Rf2 Bxf2 0-1

[Event "Oslo op ELO"]
[Site "Oslo"]
[Date "2011.10.02"]
[Round "5"]
[White "Amarapala, Sherington"]
[Black "Tryggestad, Andreas Garberg"]
[Result "1-0"]
[WhiteElo "1733"]
[BlackElo "2400"]
[PlyCount "55"]
[EventDate "2011.10.02"]
[EventType "swiss"]
[EventRounds "9"]
[EventCountry "NOR"]
[SourceTitle "EXT 2023"]
[Source "ChessBase"]
[SourceDate "2022.10.05"]
[SourceVersion "1"]
[SourceVersionDate "2022.10.05"]
[SourceQuality "1"]

1. c4 e5 2. g3 g6 3. Bg2 Bg7 4. Nc3 Ne7 5. e3 d6 6. Nge2 Nbc6 7. 0-0 0-0 8. a3 Be6 9. d3 a5 10. b3 d5 11. Bb2 Rb8 12. Qc2 f5 13. e4 d4 14. Nd5 Na7 15. f4 c5 16. fxe5 Bxe5 17. Nef4 Bxd5 18. exd5 Bxf4 19. Rxf4 Nac8 20. b4 b6 21. Rf2 Nd6 22. Re1 Qc7 23. Rfe2 Rfe8 24. b5 Qd7 25. a4 Kf7 26. Bc1 Ng8 27. Re6 Qc8 28. Bf4 1-0

[Event "Politiken Cup 32nd"]
[Site "Copenhagen"]
[Date "2010.08.08"]
[Round "10"]
[White "Rundgren, Anders"]
[Black "Amarapala, Sherington"]
[Result "1/2-1/2"]
[WhiteElo "1915"]
[BlackElo "1694"]
[PlyCount "53"]
[EventDate "2010.07.31"]
[EventType "swiss"]
[EventRounds "10"]
[EventCountry "DEN"]
[SourceTitle "CBM 137 Extra"]
[Source "ChessBase"]
[SourceDate "2010.09.01"]
[SourceVersion "1"]
[SourceVersionDate "2010.09.01"]
[SourceQuality "1"]

1. e4 e5 2. Nf3 Nc6 3. Bb5 a6 4. Ba4 b5 5. Bb3 Nf6 6. d3 Be7 7. c3 d6 8. Nbd2 0-0 9. 0-0 Re8 10. Re1 Bg4 11. Nf1 Bf8 12. h3 Be6 13. Bc2 h6 14. d4 exd4 15. cxd4 Bc8 16. Ng3 g6 17. b3 Bb7 18. a3 Ne7 19. Bb2 Bg7 20. b4 Nc8 21. Qd3 Nb6 22. Nd2 Rc8 23. f4 c5 24. bxc5 dxc5 25. d5 Qc7 26. Qf3 Nxe4 27. Ndxe4 1/2-1/2

[Event "Politiken Cup 32nd"]
[Site "Copenhagen"]
[Date "2010.07.31"]
[Round "1"]
[White "Amarapala, Sherington"]
[Black "Schroer, Marcel"]
[Result "0-1"]
[WhiteElo "1694"]
[BlackElo "2106"]
[PlyCount "86"]
[EventDate "2010.07.31"]
[EventType "swiss"]
[EventRounds "10"]
[EventCountry "DEN"]
[SourceTitle "CBM 137 Extra"]
[Source "ChessBase"]
[SourceDate "2010.09.01"]
[SourceVersion "1"]
[SourceVersionDate "2010.09.01"]
[SourceQuality "1"]

1. e4 c6 2. d4 d5 3. Nc3 dxe4 4. Nxe4 Bf5 5. Ng3 Bg6 6. Nf3 Nf6 7. Ne5 Nbd7 8. Nxg6 hxg6 9. Be3 e6 10. Bc4 Qc7 11. h3 Bd6 12. Ne2 0-0-0 13. Qd3 Kb8 14. 0-0-0 Nb6 15. Bb3 Nbd5 16. Bg5 Nf4 17. Nxf4 Bxf4+ 18. Bxf4 Qxf4+ 19. Qe3 Nd5 20. Bxd5 Qxe3+ 21. fxe3 exd5 22. Rhf1 f6 23. Rf4 Rde8 24. Re1 g5 25. Rg4 Kc7 26. Kd2 Re4 27. Rxe4 dxe4 28. c4 Kd6 29. Kc3 f5 30. a4 Rh4 31. b4 g4 32. hxg4 Rxg4 33. Re2 Rg3 34. Kd2 g5 35. b5 c5 36. d5 Ke5 37. Rf2 f4 38. exf4+ gxf4 39. Ke1 e3 40. Re2 Ke4 41. Rc2 Rg7 42. a5 Kd3 43. Kd1 f3 0-1